000 00460nam a2200169Ia 4500
008 230711s9999||||xx |||||||||||||| ||und||
020 _a978-1-85617-548-7
041 _aENG
082 _a690
_bLE-C
100 _aLevy,Sidney M
245 0 _aConstruction Process Planning and Management
_bAn Owner's Successful Projects
250 _a1st Ed.
260 _c2010
_aNew York
_bBH Elsevier Publications
300 _a381p.
650 _aArchitecture
942 _cBK
999 _c6808
_d6808